LDR 00591naa#a2200181#i#450# 001 EN\\bibl\123057 005 20260513025027.3 011 ## _a3034-4689 100 ## _a20260508b2026####ek#y0engy0150####ca 102 ## _aRU 200 1# _aLUMINESCENCE FEATURES OF COMPOSITE FILMS BASED ON ANISOMETRIC COMPLEXES OF EUROPIUM(III) AND TERBIUM(III) DOPED INTO A POLYLACTIDE MATRIX _eJournal article 210 1# _aKazan _cKazan National Research Technological University _d2026 215 ## _a5 с. 608 ## _aJournal article _2local 700 #1 _aZiyatdinova _gR. M. 700 #1 _a _g 700 #1 _a _g 856 4# _avestniktu.ru _u